000 00733cam a22002057i 4500
005 20230626105054.0
008 101022s2011 cau b 001 0 eng c
020 _a9780804775946 (pbk. : alk. paper)
020 _a080477594X (pbk. : alk. paper)
040 _cNIRUC
_dNIRUC
050 0 0 _aJK468.I6
_bF56 2011
100 1 _aFingar, Thomas,
245 1 0 _aReducing uncertainty :
_bintelligence analysis and national security /
_cThomas Fingar.
260 _aStanford, California :
_bStanford Security Studies,
_c2011.
300 _axii, 176 p. ;
_c24 cm.
504 _aIncludes bibliographical references and index.
650 0 _aIntelligence service
_zUnited States.
650 0 _aNational security
_zUnited States.
942 _2lcc
_cBK
_n0
999 _c244
_d244